George Moore / (Record no. 9093)
[ view plain ]
| 000 -LEADER | |
|---|---|
| fixed length control field | 00987cam a22003135 4500 |
| 001 - CONTROL NUMBER | |
| JCCL Control Number | 9093 |
| 003 - CONTROL NUMBER IDENTIFIER | |
| JCCL marc code | BD-JhCC |
| 005 - DATE AND TIME OF LATEST TRANSACTION | |
| control field | 20181021104316.0 |
| 008 - FIXED-LENGTH DATA ELEMENTS--GENERAL INFORMATION | |
| fixed length control field | 990225s1965 enkc b 000 ubeng |
| 035 ## - SYSTEM CONTROL NUMBER | |
| system control number | (BD-JhCC)9093 |
| 035 ## - SYSTEM CONTROL NUMBER | |
| system control number | (UkDhU)b12597880 |
| 035 ## - SYSTEM CONTROL NUMBER | |
| system control number | (RLG)180012597880 |
| 035 ## - SYSTEM CONTROL NUMBER | |
| system control number | (BD-JhCC) |
| 035 ## - SYSTEM CONTROL NUMBER | |
| system control number | (UkLCURL)180012597880 |
| 035 ## - SYSTEM CONTROL NUMBER | |
| system control number | 3836232 |
| 040 ## - CATALOGING SOURCE | |
| Original cataloging agency | OCoLC |
| Modifying agency | UkDhU |
| -- | CUD |
| -- | OCoLC |
| -- | BD-JhCC |
| 041 ## - LANGUAGE CODE | |
| Language code of Book | eng |
| 082 ## - DEWEY DECIMAL CLASSIFICATION NUMBER | |
| Author mark and Year | JEF 1965 |
| Classification number | 828.4 |
| 100 1# - MAIN ENTRY--PERSONAL NAME | |
| Personal name | Jeffares, A. Norman |
| Fuller form of name | (Alexander Norman), |
| Dates associated with a name | 1920-2005. |
| 245 10 - TITLE STATEMENT | |
| Title | George Moore / |
| Statement of responsibility, etc | by A. Norman Jeffares. |
| 260 ## - PUBLICATION, DISTRIBUTION, ETC. (IMPRINT) | |
| Place of publication, distribution, etc | [London] : |
| Name of publisher, distributor, etc | Published for the British Council by Longmans, Green, |
| Date of publication, distribution, etc | [1965] |
| 300 ## - PHYSICAL DESCRIPTION | |
| Pagination | 43 p : |
| Other physical details | port ; |
| Dimensions | 22 cm. |
| 490 0# - SERIES STATEMENT | |
| Series statement | Bibliographical series of supplements to British book news on writers and their work ; |
| Volume number/sequential designation | no.180 |
| 504 ## - BIBLIOGRAPHY, ETC. NOTE | |
| Bibliography, etc | Bibliography: p. 39-43. |
| 600 10 - SUBJECT ADDED ENTRY--PERSONAL NAME | |
| Personal name | Moore, George, |
| Dates associated with a name | 1852-1933. |
| 650 ## - SUBJECT ADDED ENTRY--TOPICAL TERM | |
| Topical term or geographic name as entry element | Novelists, English |
| 942 ## - ADDED ENTRY ELEMENTS (KOHA) | |
| Source of classification or shelving scheme | Dewey Decimal Classification |
| Koha item type | Books |
| Source of classification or shelving scheme | Damaged status | Not for loan | Home library | Current library | Shelving location | Total Checkouts | Full call number | Barcode | Date last seen | Copy number | Koha item type |
|---|---|---|---|---|---|---|---|---|---|---|---|
| Dewey Decimal Classification | JCC Rouf Library | JCC Rouf Library | General Stacks | 823.8 JEF 1965 | 11768 | 03/08/2018 | C - 1 | Books |